00263nam a22001097a 450000500170000002000180001708200170003510000240005224500300007626000360010630000110014220260513110810.0 a9789360610777 a572.82 ATT.P aAttenborough, David aPlant molecular biology / aDarya Ganj :bPinakin ,cc2025. a272 p.